00655nam a2200169Ia 4500008004000000020001800040082001500058100003200073245009800105260003700203300001100240650002300251690001500274906001100289999001900300952016600319210210b2002 xxu||||| |||| 00| 0 eng d a0 75284 619 1 a155.6 PEAW aPEASE (Allan) and BARBARA . aWhy men don't listen and women can't read maps: how we are different and what to do about it. aLondon.bOrion Books Ltd.,c2002 axx,300 aAdult Psychology  aPsychology a057431 c104690d104690 001040708PsychologyaALbALcPsychologyd2021-02-17eBook World, Mangalore.g195.00l3m2o155.6 PEAWp057431r2025-10-09 12:49:14s2025-09-20w2021-02-17yBK